000 00773nam a2200277Ia 4500
003 OSt
005 20221006153253.0
006 a|||||r|||| 00| 0
007 ta
008 221006b |||||||| |||| 00| 0 kor d
020 _cW 9,500
024 _a31,833
037 _bGift, Korean Embassy
_cTextual
040 _aEASL
_cEASL
_bkor
041 _2kor
_akor
082 _aU8.495, P4
100 _aHONG Nyeon-Cheol Au.
_9663233
245 0 _aMaeum meokko tteonakda
_b Donghae. Sarak
260 _aSeoul
_bNexus Books Korea
_c2004
300 _a211p.+various
_ccm.
490 _v KL
650 _a KL
650 _aTravel of Korea
_9663234
942 _hU8.495, P4
_cTEXL
_2CC
999 _c1099919
_d1099919